书目信息 |
| 题名: |
敦煌彩塑
|
|
| 作者: | ;敦煌文物研究所 编 | |
| 分册: | ||
| 出版信息: | 北京 文物出版社 1978 |
|
| 页数: | 94幅 | |
| 开本: | 26cm | |
| 丛书名: | ||
| 单 册: | ||
| 中图分类: | K879.21 , J313.1 | |
| 科图分类: | ||
| 主题词: | 敦煌石窟-彩塑--中国 , 彩塑-敦煌石窟--中国 , 雕塑--(技术)美术 | |
| 电子资源: | ||
| ISBN: | ||
| 000 | 00693nam0 2200265 45 | |
| 001 | 0178002767 | |
| 005 | 20040521084714.5 | |
| 010 | @dCNY4.00 | |
| 091 | @a8068.640 | |
| 100 | @a19950725d1978 em y0chiy0121 ea | |
| 101 | 0 | @achi |
| 102 | @aCN@b110000 | |
| 105 | @ay z 000yy | |
| 106 | @ar | |
| 200 | 10 | @a敦煌彩塑@Adun huang cai su@f敦煌文物研究所编 |
| 210 | @a北京@c文物出版社@d1978 | |
| 215 | @a94幅@d26cm | |
| 606 | @a敦煌石窟-彩塑@y中国 | |
| 606 | @a彩塑-敦煌石窟@y中国 | |
| 606 | 0 | @a雕塑@x(技术)美术 |
| 690 | @aK879.21@v3 | |
| 690 | @aJ313.1 | |
| 711 | 02 | @a敦煌文物研究所@Adun huang wen wu yan jiu suo@4编 |
| 801 | 0 | @aCN@bNLC@c20040521 |
| 905 | @f1@b7569@dJ313.1@e1 | |
| 敦煌彩塑/敦煌文物研究所编.-北京:文物出版社,1978 |
| 94幅;26cm |
| ISBN :CNY4.00 |
| ● |
| 相关链接 |
|
|
|
|
正题名:敦煌彩塑
索取号:J313.1/1
 
预约/预借
| 序号 | 登录号 | 条形码 | 馆藏地/架位号 | 状态 | 备注 |
| 1 | 0007569 | 001210790 | 第一样本阅览室/ [索取号:J313.1/1] | 在馆 |